00389cam a22001097a 4500008004000000082001700040245010400057260005300161300000700214650002300221700003500244180718b1968 xxu||||| |||| 00| 0 eng d aO96x54 In2 r aRecommended daily allowances of nutrients and balanced dietscby Indian Council Of Medical Research aHyderabadbNutrition Research Laboratoriesc1968 a8p aNutrition - India. aIndia.Indian Council Of Medica